| 000 | 00499nam a2200193 a 4500 | ||
|---|---|---|---|
| 005 | 20210219153251.0 | ||
| 008 | 991125n 000 0 u | ||
| 035 | _aUPN01000087355 | ||
| 100 | _aCHARPENTIER, Brigitte | ||
| 222 | _aPLOT | ||
| 245 | _aMathématiques adaptées aux élèves etrangers | ||
| 300 | _a40-41 | ||
| 362 | _a1992 No. 61 oct.-dèc. | ||
| 653 | 0 | _aENSEÑANZA | |
| 653 | 0 | _aESTUDIANTES EXTRANJEROS | |
| 653 | 0 | _aMATEMATICAS | |
| 904 |
_aAC _b025166 |
||
| 905 | _aArticulo | ||
| 999 |
_c72542 _d72542 |
||